Top 15 der betroffenen Covid-19-Länder - 14. Juli - Statistiken

Allgemein
  • Dieses Quiz wurde 18 mal gespielt
  • Das Durchschnittsergebnis liegt bei 13 aus 25
Antwortstatistiken
Land % Korrekt
Vereinigte Staaten
100%
Brasilien
93%
Indien
93%
Russland
93%
Italien
80%
Spanien
73%
Iran
67%
Vereinigtes Königreich
67%
Mexiko
60%
Peru
60%
Schweden
53%
Chile
47%
Chile
47%
Pakistan
47%
Saudi-Arabien
47%
Türkei
47%
Katar
33%
Bahrain
27%
Kuwait
27%
Oman
27%
Südafrika
27%
Weißrussland
27%
Armenien
20%
Panama
20%
Singapur
13%
Keine übereinstimmenden Quizze gefunden
Verteilung der Resultate
Anzahl Personen mit jedem Resultat
Perzentil nach korrekt beantworteten Fragen
Ihre Resultats-Entwicklung
Sie haben dieses Quiz noch nicht gespielt